1700 1899 1710 1761 1393 1944 1056 1789 1281 1512 1868 1863 1851 1309 1806 1700 1828 1871 1086 1060 1088 1190 1540 1470 1573 1433 1702 1321 1205 1960 1397 1516 1257 1762 1017 1824 1826 1251 1994 1187 1704 1005 1917 1959 1958 1133 1577 1580 1036 1178 1164 1160 1015 1356 1132 1574 1163 1241 1907 1202 1117 1219 1985 1528 1140 1074 1708 1294 1645 1731 1192 1612 1885 1436 1052 1655 1974 1865 1673 1979 1099 1116 1286 1530 1059 1709 1566 1609 1174 1242 1683 1397 1771 1614 1654 1256 1644 1560 1783 BCNSPRNW ULIB Ver.6.0+V

เปลี่ยนเป็นภาษาไทย

Change to English
 แสดงรายละเอียดบรรณานุกรม
  กลับหน้าหลัก

Brief Record : Get Marc (ISO 2709) : E-mail record : QR code < ปิดหน้าต่าง
LEADER : 00000nam 2200000uu 4500
001    13399114428
003     ULIB
008    110627s||||||||th 000 0 tha d
020    9789741340064
098    นว.^bห475F
100 0  หัวสมองตีบตัน
245 00 Fan Club คลับนี้คุยแต่เรื่องหัวใจ/^cหัวสมองตีบตัน
250    พิมพ์ครั้งที่ 1
260    กรุงเทพฯ :^bแจ่มใส,^cมปป.
300    206 หน้า
710 1  แจ่มใส
945    ^p149^l0^i031538
995    ทศพร
999 ^a ใช้งานได้ทุกระบบ
รายการนี้ยังไม่มีแท็ก
คุณยังไม่ได้ล็อกอิน คุณสามารถมีกิจกรรมร่วมกับเว็บไซต์ได้ แต่ต้องล็อกอินก่อน ::
  ล็อกอิน

รายการสื่อสารสนเทศ

ลำดับที่ ประเภท เลขเรียก/บาร์โค้ด สถานที่ สถานะ
1. นวนิยาย
นวนิยาย
 ฉ.1 
  Barcode: 031538
ห้องสมุดวิทยาเขตสวรรค์ประชารักษ์
►นวนิยาย
บนชั้น
  ขอยืม

BibComment


ยังไม่เคยถูกคอมเมนท์

คอมเมนท์ทรัพยากรรายการนี้
  คอมเมนท์: Fan Club คลับนี้ค..


 Copyright 2026. Bcnsprnw @Library